| 000 | 00369nam a2200157Ia 4500 | ||
|---|---|---|---|
| 005 | 20250703033100.0 | ||
| 008 | 240331s9999 xx 000 0 und d | ||
| 020 | _a9552039452 | ||
| 082 |
_bJAY _a891 |
||
| 100 | _aJayakody,S | ||
| 245 | 0 | _aMadaaraa,Madaraa 2 | |
| 260 |
_aColombo _bS. Godage & Brothers _c2000 |
||
| 300 | _av, 266 p ., | ||
| 650 | _aNovel | ||
| 942 | _cL | ||
| 999 |
_c5537 _d5537 |
||